000
00278nam a22001337a 4500
008
170529b xxu||||| |||| 00| 0 eng d
020
_a
9781418052751
041
_a
eng
080
_2
6TH
_a
62
100
_a
25
101
_a
IM
245
_a
WELDING
_c
JEFFUS,L
942
_2
udc
_c
BK
999
_c
14881
_d
14881